Effects of Governmental Protected Areas and social initiatives for land protection on the conservation of mexican amphibians (Registro nro. 13618)

Detalles MARC
000 -CABECERA
Campo de control 007470000a22002050004500
090 ## - CLASIFICACIÓN LOCAL
Colección AR
Consecutivo 04499
041 0# - IDIOMA
Código de idioma para texto/pista de sonido o título separado
100 1# - ASIENTO PRINCIPAL--NOMBRE PERSONAL
Nombre personal Ochoa Ochoa, Leticia
245 10 - MENCION DE TITULO
Título Effects of Governmental Protected Areas and social initiatives for land protection on the conservation of mexican amphibians
700 1# - ASIENTO SECUNDARIO - NOMBRE PERSONAL
Nombre personal Urbina Cardona, Nicolás
700 1# - ASIENTO SECUNDARIO - NOMBRE PERSONAL
Nombre personal Vásquez, Luis Bernardo
700 1# - ASIENTO SECUNDARIO - NOMBRE PERSONAL
Nombre personal Flores Villela, Oscar
700 1# - ASIENTO SECUNDARIO - NOMBRE PERSONAL
Nombre personal Bezaury Creel, Juan
773 1# - Item fuente:
Título Plosone
Descripción física 9 e 6878
Paginas del Articulo 1-9
Lugar, editorial y fecha de publicación 2009
Información sobre la relación 4
942 ## - ELEMENTOS ADICIONALES (KOHA)
Tipo de ítem Artículo
Existencias
Withdrawn status Lost status Damaged status No para préstamo Colección Ubicación Permanente Ubicación actual Datos de publicación Seriada Total Checkouts Número topográfico Inventario / Código de Barras Date last seen Ejemplar Price effective from Forma de adquisición Tipo de material
      No para Préstamo Hemeroteca Bogotá Bogotá Fuera de circulación   AR 04499 027293 25/03/2015 1 25/03/2015   Artículo